Statistics for Most Followed Athletes on Twitter

Click here to take the quiz!

General Stats

  • This quiz has been taken 15 times
  • The average score is 13 of 44

Answer Stats

Rank Followers Sport Athlete % Correct
152,603,507SoccerCristiano Ronaldo
100%
236,144,349BasketballLeBron James
92%
188,401,909TennisSerena Williams
75%
329,178,170SoccerNeymar
67%
149,430,391SoccerLuis Suarez
58%
515,840,705BasketballKevin Durant
58%
227,263,427TennisRoger Federer
58%
295,793,088TennisMaria Sharapova
50%
276,201,186GolfTiger Woods
50%
217,393,557TennisNovak Djokovic
50%
159,132, 910BasketballStephen Curry
50%
423,789,431WWEDaniel Bryan
42%
364,310,621BasketballRussell Westbrook
42%
237,233,859BoxingFloyd Mayweather Jr.
42%
814,083,290BasketballShaquille O'Neal
42%
433,779,895CyclingLance Armstrong
33%
394,140,801SkateboardingTony Hawk
33%
384,193,794UFCConor McGregor
33%
1111,570,411BasketballKobe Bryant
33%
714,592,898SoccerWayne Rooney
33%
139,587,515WWEJohn Cena
25%
426,974,110SoccerKaká
25%
614,783,512SoccerRonaldinho Gaúcho
25%
344,356,556BasketballJames Harden
25%
334,677,335TrackUsain Bolt
25%
305,350,795WWERandy Orton
25%
443,771,814Football/BaseballTim Tebow
25%
256,850,172BasketballDwyane Wade
25%
246,861,568BasketballDwight Howard
25%
197,889,594SoccerDavid Villa
17%
207,855,411UFCAnderson Silva
8%
1210,487,467SoccerSergio Ramos
8%
413,842,008SoccerMario Balotelli
8%
404,137,389BasketballBlake Griffin
8%
266,204,899BasketballChris Paul
8%
315,278,495BoxingMike Tyson
8%
285,825,020BasketballPau Gasol
0%
374,270,660BasketballLamar Odom
0%
354,336,850BasketballPaul Pierce
0%
912,510,725TennisRafael Nadal
0%
324,740,023BasketballManu Ginobili
0%
168,916,829BasketballCarmelo Anthony
0%
178,610,642SoccerRobin van Persie
0%
1012,434,064SoccerJames Rodriguez
0%

Score Distribution

Percentile by Number Answered

Percent of People with Each Score

Your Score History

You have not taken this quiz